| 000 | 00376nam a22001457a 4500 | ||
|---|---|---|---|
| 008 | 230124b |||||||| |||| 00| 0 eng d | ||
| 020 | _a978-81-291-0750-3 | ||
| 082 | _a822.33 SHA | ||
| 100 | _aShakespeare, William. | ||
| 245 | _aThe Merchant of Venice | ||
| 260 |
_aNew Delhi: _bRupa Publications India _c2005 |
||
| 300 |
_a118p: _c18 cm |
||
| 650 | _aCE Book | ||
| 942 | _2ddc | ||
| 999 |
_c9234 _d9235 |
||